000 00483nam a2200169 i 4500
001 30484
003 ES-MaACL
005 20250822063115.0
007 t|
008 030124s1920 fr ||||1| fre d
100 1 _aBarthélemy, Joseph,
_d1874-1945
_926120
245 1 3 _aLe vote des femmes /
_cJoseph Barthelemy.
260 _a[S.l. :
_bs.n.,
_c1920] (
_fTours E. Arrault et Cie)
300 _aXI, 618 p. ;
_c23 cm.
852 _aES-MaACL
_jF-1560
999 _c30484
_d30484